000
00247nam a2200085Ia 4500
245
0
_a
William Shakespeare's Twelfth night
100
_a
Goodwin, Vincent Edina, MN, [c.2009]
_9
79312
942
_c
BK
008
210817s9999 xx 000 0 und d
999
_c
276233
_d
276232